| 000 | 00730 a2200181 4500 | ||
|---|---|---|---|
| 020 | _a978-88-470-2687-2 | ||
| 082 | _a539.72 | ||
| 090 |
_c1783 _d1783 |
||
| 100 | _aAngelis, Alessandro De | ||
| 245 |
_aIntroduction to Particle and Astroparticle Physics : _bQuestions to the Universe _cAlessandro De Angelis and Mario Joao Martins Pimenta |
||
| 260 |
_aNew York _bSpringer _c2015 |
||
| 300 | _axxiii, 661 | ||
| 440 | _aUndergraduate Lecture Notes in Physics | ||
| 490 | _aUndergraduate Lecture Notes in Physics | ||
| 830 | _aUndergraduate Lecture Notes in Physics | ||
| 942 |
_aSNS _cBK _k539.72 ANG |
||
| 999 |
_c30390 _d30390 |
||